书目信息 |
| 题名: |
卢梭全集
|
|
| 作者: | 卢梭 著 ;李平沤 译 | |
| 分册: | 第5卷 致达朗贝尔的信 政治经济学 山中来信及其他 | |
| 出版信息: | 北京 商务印书馆 2012.06 |
|
| 页数: | 641页 | |
| 开本: | 24cm | |
| 丛书名: | ||
| 单 册: | ||
| 中图分类: | B565.26-52 | |
| 科图分类: | ||
| 主题词: | ||
| 电子资源: | ||
| ISBN: | 978-7-100-09157-2 | |
| 000 | 01542nam0 2200289 450 | |
| 001 | 005570389 | |
| 005 | 20130426102909.06 | |
| 010 | @a978-7-100-09157-2@b精装@dCNY149.00 | |
| 100 | @a20120926d2012 em y0chiy50 ea | |
| 101 | 1 | @achi@cfre |
| 102 | @aCN@b110000 | |
| 105 | @ac z 000yy | |
| 106 | @ar | |
| 200 | 1 | @a卢梭全集@9lu suo quan ji@h第5卷@i致达朗贝尔的信 政治经济学 山中来信及其他@f李平沤译 |
| 210 | @a北京@c商务印书馆@d2012.06 | |
| 215 | @a641页@c画像@d24cm | |
| 305 | @a《致达朗贝尔的信》根据弗拉玛尼翁出版社1967年版译出 《政治经济学》根据弗拉玛尼翁出版社1990年版译出 《山中来信》根据米涅奥出版社新生丛书译出 | |
| 312 | @a书内法文题名:Jean Jacques Rousseau lettre a M. D'alembert sur son article geneve dans le VII.volume de l'encrlopedie discours sur l'economie politique lettres ecrites de la montagne la renaissance du livre | |
| 330 | @a本书内容包括:致达朗贝尔的信,政治经济学,山中来信,荣誉和美德,论公众的幸福,奢侈、商业和工艺,环境对文明的影响,论祖国等。 | |
| 510 | 1 | @aJean Jacques Rousseau@iLettre a M. D'alembert sur son article geneve dans le VII.volume de l'encrlopedie@iDiscours sur l'economie politique@iLettres ecrites de la montagne la renaissance du livre@zfre |
| 600 | 0 | @a卢梭@c(Rousseau, Jean Jacques@f1712-1778)@j全集 |
| 600 | 0 | @a卢梭@c(Rousseau, Jean Jacques@f1712-1778) |
| 690 | @aB565.26-52@v5 | |
| 701 | 0 | @c(法)@a卢梭@9lu suo@c(Rousseau, Jean-Jacques@f1712-1778)@4著 |
| 702 | 0 | @a李平沤@9li ping ou@4译 |
| 801 | 0 | @aCN@bNLC@c20120926 |
| 905 | @b542409-11@dB565.26-52@e60:5@f3 | |
| 卢梭全集.第5卷.致达朗贝尔的信 政治经济学 山中来信及其他/李平沤译.-北京:商务印书馆,2012.06 |
| 641页:画像;24cm |
| ISBN 978-7-100-09157-2(精装):CNY149.00 |
| 本书内容包括:致达朗贝尔的信,政治经济学,山中来信,荣誉和美德,论公众的幸福,奢侈、商业和工艺,环境对文明的影响,论祖国等。 |
| ● |
| 相关链接 |
|
|
|
|
正题名:卢梭全集
索取号:B565.26-52/60:5
 
预约/预借
| 序号 | 登录号 | 条形码 | 馆藏地/架位号 | 状态 | 备注 |
| 1 | 542409 | 205424094 | 第一样本阅览室/ [索取号:B565.26-52/60:5] | 在馆 | |
| 2 | 542410 | 205424101 | 第一借阅区/ [索取号:B565.26-52/60:5] | 在馆 | |
| 3 | 542411 | 205424110 | 第一借阅区/ [索取号:B565.26-52/60:5] | 在馆 |